Statistics for Capitals of Countries that Begin with C

Click here to take the quiz!

General Stats

  • This quiz has been taken 142 times
    (123 since last reset)
  • The average score is 13 of 15

Answer Stats

HintAnswer% Correct
ChinaBeijing
98%
CanadaOttawa
98%
ColombiaBogotá
97%
CubaHavana
97%
CzechiaPrague
97%
ChileSantiago
97%
CroatiaZagreb
97%
CambodiaPhnom Penh
91%
CyprusNicosia
90%
Costa RicaSan José
88%
ChadN'Djamena
72%
CameroonYaoundé
67%
Cape VerdePraia
64%
Central African RepublicBangui
62%
ComorosMoroni
60%

Score Distribution

Percentile by Number Answered

Percent of People with Each Score

Your Score History

You have not taken this quiz since the last reset